00455nam a2200145Ia 4500020001800000082001600018245008100034260004000115300001300155504001900168650005100187650002500238700002100263700002500284 a9780230273788 a950.43 KEY- 0aKey players and regional dynamics in Eurasia: the return of the 'great game' aHampshirebPalgrave Macmillanc2010 axiv, 300 aincludes index aEurasiazPolitics and governmentz21th century aGeopoliticszEurasia aKanet, Roger E. aFreire, Maria Raquel